zpět

Detail výsledku týmu

Pub Na Plech - Žižkov, Praha

Datum a čas kvízu

25 Celkem bodů Celkový počet nahraných bodů na tomto kvízu bez doplňovacích otázek.
4. Pořadí na kvízu Konečné umístění týmu na tomto kvízu.

Zaznamenané odpovědi

# Otázka Odpověď Body Výsledky
1. Jak se nazývá zámek nedaleko P... Štiřín 0
2. Do jedné vesnické školy zapsal... ve Francii 1
3. Minulý týden začal režisér Tom... Tři princezny 0
4. Podnikatel Jan Čermák minulý t... TV Barrandov 1
5. Sudí Jan Smit dostal v nejmeno... v Nizozemsku 1
6. Jména Mnata, Vojen či Vnislav... A 0
7. Podle pověsti prý zvony z kost... ve čtvrtek (na Zelený čtvrtek) 0
8. Přiřaďte k sobě dvojice hrdinů... 1A 2D 3B 4C 0
9. O hřbitovním kostele sv. Maří... Svatební košile 1
10. Pokud dokážete určit, co tento... Stadice 0